000 00950cam a2200277 4500
008 090401t1990 xxu||||| |||| 00| 0 eng d
020 _a0632029196
035 _a(Sirsi) u23990
041 _aeng
050 _a346.41032
110 _aWinward Fearon and Co
_91541
245 _aCollateral warranties : a practical guide for the construction industry
260 _aOxford
_bBlackwell Scientific Publications
_c1990
300 _avi,218p. ; 24cm.
350 _a29.95
520 _aText by David L. Cornes and Richard Winward. Reprints the BPF,ACE,RIBA,RICS Form of Agreement for Collateral Warranty and the RIAS Approved Form of Duty of Care Agreement.
650 _aBPF
650 _aBUILDING INDUSTRY
650 _aCORNES DAVID L
650 _aLIABILITY
650 _aPROFESSIONAL INDEMNITY INSURANCE
650 _aROYAL INCORPORATION OF ARCHITECTS IN SCOTLAND
650 _aWINWARD RICHARD
942 _n0
948 _c04/03/1997
999 _c88479
_d88479